00601nam a22001691a 4500020002100000040002600021082002400047100002100071245014300092250001200235260006500247300001700312500002600329600003700355600003600392852000300428 a9719325003c0.00 aNEGST Library - Kenya aLB 2832.2.B768 2002 aBrown, Gordon B. aGuiding faculty to excellence :binstructional supervision in the Christian School...,(accompanied with 1 CD-ROM)cGordon B. Brownh[Text] a2nd ed. aColorado Springs , CObPurposeful Design Publicationscc2002 axii, 215 p.; aIncludes bibliography aChristian teachers - Training of aChurch schools - Administration